[Event "Lesa Lago Maggiore op"]
[Site "Lesa"]
[Date "2023.05.05"]
[Round "1"]
[White "Krupenko, Peter"]
[Black "Silini, Riccardo"]
[Result "1-0"]
[WhiteElo "1990"]
[BlackElo "1516"]
[PlyCount "59"]
[EventDate "2023.05.05"]
[EventType "swiss"]
[EventRounds "5"]
[EventCountry "ITA"]
[SourceTitle "EXT 2024"]
[Source "ChessBase"]
[SourceDate "2023.10.10"]
[SourceVersion "1"]
[SourceVersionDate "2023.10.10"]
[SourceQuality "1"]

1. Nf3 Nf6 2. c4 b6 3. g3 Bb7 4. Bg2 e6 5. 0-0 Be7 6. Nc3 0-0 7. b3 d5 8. d4 c5 9. cxd5 Nxd5 10. Bb2 cxd4 11. Nb5 Nc6 12. Nbxd4 Nxd4 13. Nxd4 Bf6 14. Rc1 Qd7 15. e4 Ne7 16. e5 Bxe5 17. Nf5 Qxd1 18. Nxe7+ Kh8 19. Rfxd1 Bxb2 20. Bxb7 Bxc1 21. Rxc1 Rab8 22. Ba6 g6 23. Nc6 Ra8 24. Rd1 Kg7 25. Rd7 Kf6 26. b4 e5 27. Rd6+ Kf5 28. Bd3+ Kg5 29. Nxe5 Rad8 30. Rxd8 1-0

[Event "Varese op 19th"]
[Site "Varese"]
[Date "2022.10.09"]
[Round "4"]
[White "Silini, Riccardo"]
[Black "Beraldo, Gianmarco"]
[Result "0-1"]
[WhiteElo "1562"]
[BlackElo "1480"]
[PlyCount "56"]
[EventDate "2022.10.07"]
[EventType "swiss"]
[EventRounds "5"]
[EventCountry "ITA"]
[SourceTitle "EXT 2024"]
[Source "ChessBase"]
[SourceDate "2023.10.10"]
[SourceVersion "1"]
[SourceVersionDate "2023.10.10"]
[SourceQuality "1"]

1. Nf3 d5 2. d4 Bg4 3. e3 e6 4. Be2 Nd7 5. 0-0 Bd6 6. b3 f5 7. Bb2 Ngf6 8. Nbd2 0-0 9. c4 c6 10. Ne5 Bxe2 11. Qxe2 Ne4 12. f4 Ndf6 13. Nxe4 Nxe4 14. Rf3 Bxe5 15. dxe5 Qa5 16. Rh3 Qd2 17. Qxd2 Nxd2 18. Ba3 Rfd8 19. c5 d4 20. Bc1 dxe3 21. Rxe3 Ne4 22. Ba3 Rd5 23. Rc1 Rad8 24. Kf1 Rd2 25. Ra1 Rf2+ 26. Ke1 Rxg2 27. Kf1 Rxh2 28. Kg1 Rdd2 0-1

[Event "Arco Christmas op 8th"]
[Site "Arco"]
[Date "2017.12.26"]
[Round "1"]
[White "Silini, Riccardo"]
[Black "Ager, Josef"]
[Result "0-1"]
[WhiteElo "1603"]
[BlackElo "2127"]
[PlyCount "44"]
[EventDate "2017.12.26"]
[EventType "swiss"]
[EventRounds "7"]
[EventCountry "ITA"]
[SourceTitle "CBM 182 Extra"]
[Source "ChessBase"]
[SourceDate "2018.02.23"]
[SourceVersion "1"]
[SourceVersionDate "2018.02.23"]
[SourceQuality "1"]

1. d4 Nf6 2. c4 g6 3. Nf3 Bg7 4. Nc3 0-0 5. e4 d6 6. Be2 Na6 7. a3 c6 8. 0-0 e5 9. d5 c5 10. Bg5 h6 11. Be3 Ng4 12. Qd2 Nxe3 13. Qxe3 Nc7 14. Rab1 f5 15. exf5 gxf5 16. Ne1 e4 17. Nc2 f4 18. Qc1 f3 19. Bd1 Qh4 20. g3 Qh3 21. Ne3 Rf5 22. g4 Be5 0-1

[Event "Nago Torbole op-A"]
[Site "Nago Torbole"]
[Date "2010.12.27"]
[Round "4"]
[White "Briffault, Philippe"]
[Black "Silini, Riccardo"]
[Result "0-1"]
[WhiteElo "1961"]
[BlackElo "1628"]
[PlyCount "44"]
[EventDate "2010.12.26"]
[EventType "swiss"]
[EventRounds "7"]
[EventCountry "ITA"]
[SourceTitle "EXT 2024"]
[Source "ChessBase"]
[SourceDate "2023.10.10"]
[SourceVersion "1"]
[SourceVersionDate "2023.10.10"]
[SourceQuality "1"]

1. d4 d5 2. c4 c6 3. Nf3 Nf6 4. Nc3 Bg4 5. e3 e6 6. Bd3 Be7 7. 0-0 0-0 8. h3 Bxf3 9. Qxf3 Nbd7 10. Rd1 Qc7 11. e4 dxe4 12. Nxe4 Rad8 13. Bg5 Rfe8 14. Rac1 Qb6 15. b3 Nxe4 16. Qxe4 Bxg5 17. Qxh7+ Kf8 18. Qh8+ Ke7 19. Qxg7 Rg8 20. Qh7 Nf6 21. c5 Qc7 22. d5 Rxd5 0-1